Loading...
| Fine Arts - Classical Music | 0 | 8 | 0 | 2 | 80 | 87 | 122.63 | 0 | 0 |
| Science - Biology | 0 | 7 | 0 | 2 | 70 | 80 | 105.14 | 0 | 0 |
| Mythology | 0 | 4 | 0 | 0 | 40 | 72 | 98.75 | 0 | 0 |
| Geography | 0 | 4 | 0 | 0 | 40 | 77 | 111.50 | 0 | 0 |
| Science - Chemistry | 0 | 4 | 0 | 2 | 40 | 119 | 123.25 | 0 | 0 |
| History - World History | 0 | 3 | 0 | 1 | 30 | 105 | 126.00 | 0 | 0 |
| Literature - European Literature | 0 | 2 | 0 | 1 | 20 | 123 | 132.00 | 0 | 0 |
| Science - Other Science | 0 | 2 | 0 | 1 | 20 | 130 | 131.00 | 0 | 0 |
| Religion | 0 | 2 | 0 | 0 | 20 | 72 | 78.00 | 0 | 1 |
| Any History | 0 | 2 | 0 | 1 | 20 | 81 | 106.00 | 0 | 0 |
| Fine Arts - Other Fine Arts | 0 | 2 | 0 | 0 | 20 | 106 | 113.00 | 0 | 0 |
| Social Science | 0 | 1 | 0 | 0 | 10 | 128 | 128.00 | 0 | 0 |
| Literature - World Literature | 0 | 1 | 0 | 0 | 10 | 144 | 144.00 | 0 | 0 |
| Painting & Sculpture | 0 | 1 | 0 | 0 | 10 | 140 | 140.00 | 0 | 0 |
| Philosophy | 0 | 1 | 0 | 0 | 10 | 127 | 127.00 | 0 | 0 |
| Science - Physics | 0 | 1 | 0 | 0 | 10 | 121 | 121.00 | 0 | 0 |
| Other Academic | 0 | 0 | 1 | 0 | -5 | 0.00 | 0 | 0 |